Spiele mit höchstem E-Sport Preisgeld - Sudden Death - Statistiken

Allgemein
  • Dieses Quiz wurde 142 mal gespielt
  • Das Durchschnittsergebnis liegt bei 4 aus 15
Answers on the Grid
Answers color-coded by a green-red scale on the quiz's grid according to % correct below.
Apex Legends
Arena of Valor
Brawl Stars
Call of Duty: Mobile
Call of Duty: Warzone
Clash Royale
Counter-Strike
Counter-Strike: GO
Counter-Strike 2
CrossFire
Dota 2
Fortnite
Free Fire
Hearthstone
Heroes of the Storm
League of Legends
League of Legends: Wild Rift
Magic: The Gathering Arena
Mobile Legends: Bang Bang
Overwatch
Overwatch 2
PUBG
PUBG: Mobile
Rainbow Six Siege
Rocket League
SMITE
StarCraft II
Teamfight Tactics
VALORANT
World of WarCraft
 
Antwortstatistiken
Antwort % Korrekt
Fortnite
59%
League of Legends
45%
Apex Legends
42%
VALORANT
38%
Dota 2
36%
Counter-Strike: GO
34%
Rocket League
33%
Overwatch
24%
Counter-Strike 2
20%
PUBG
20%
Rainbow Six Siege
15%
Hearthstone
11%
Arena of Valor
8%
StarCraft II
6%
PUBG: Mobile
4%
Keine übereinstimmenden Quizze gefunden
Verteilung der Resultate
Anzahl Personen mit jedem Resultat
Perzentil nach korrekt beantworteten Fragen
Ihre Resultats-Entwicklung
Sie haben dieses Quiz noch nicht gespielt